000 00504nam a22001697a 4500
005 20240621064158.0
008 240621b |||||||| |||| 00| 0 eng d
020 _a9781405757928 ; 9780406996435
041 _aEnglish
082 _a349 LAW
100 _lEnglish
245 _aThe All England Law Reports: Reprint
260 _aLondon:
_bLexisNexis Butterworth,
_c2011
300 _bxviii, 1102 pages;
_c25 cm.
650 _aLegal practice
_bLaw
942 _cBK
_6ALISON_BN_VRIES
999 _c2015
_d2015